Planning policy Wales (Record no. 105563)

MARC details
000 -LEADER
fixed length control field 01559cam a2200253 4500
001 - CONTROL NUMBER
control field ##L134146
008 - FIXED-LENGTH DATA ELEMENTS--GENERAL INFORMATION
fixed length control field 060713n2006 000 0 eng u
035 ## - SYSTEM CONTROL NUMBER
System control number (Sirsi) u134146
041 0# - LANGUAGE CODE
Language code of text/sound track or separate title eng
050 04 - LIBRARY OF CONGRESS CALL NUMBER
Classification number 711.58 $2 18
110 1# - MAIN ENTRY--CORPORATE NAME
Corporate name or jurisdiction name as entry element Wales
Subordinate unit National Assembly for Wales
9 (RLIN) 4836
245 00 - TITLE STATEMENT
Title Planning policy Wales
Remainder of title technical advice note 2: planning and affordable housing
Medium [electronic resource]
260 ## - PUBLICATION, DISTRIBUTION, ETC.
Place of publication, distribution, etc. Cardiff
Name of publisher, distributor, etc. National Assembly for Wales
Date of publication, distribution, etc. 2006
490 #0 - SERIES STATEMENT
Series statement Planning Policy Wales Technical Advice Note
Volume/sequential designation 2
520 ## - SUMMARY, ETC.
Summary, etc. Advises on defining affordable housing for the purposes of the land use planning system and on the need for collaborative working between local authority housing and planning departments and key stakeholders. Provides guidance on setting an affordable housing target in local planning authorities' development plans, on indicating how the target will be achieved, on monitoring the provision of affordable housing against the target, and on the role of registered social landlords and planning obligations and conditions in securing affordable housing via the planning system.
590 ## - LOCAL NOTE (RLIN)
Local note IKA180706, KA
650 24 - SUBJECT ADDED ENTRY--TOPICAL TERM
Topical term or geographic name entry element TAN2
650 24 - SUBJECT ADDED ENTRY--TOPICAL TERM
Topical term or geographic name entry element TECHNICAL ADVICE NOTE 2
650 24 - SUBJECT ADDED ENTRY--TOPICAL TERM
Topical term or geographic name entry element Affordable housing
9 (RLIN) 6215
651 #4 - SUBJECT ADDED ENTRY--GEOGRAPHIC NAME
Geographic name Wales
Chronological subdivision 1998-2007
690 ## - LOCAL SUBJECT ADDED ENTRY--TOPICAL TERM (OCLC, RLIN)
Topical term or geographic name as entry element ENVIRONMENTAL AND LAND CONSULTANCY-PLANNING AND DEVELOPMENT-PLANNING GUIDANCE
856 40 - ELECTRONIC LOCATION AND ACCESS
Uniform Resource Identifier <a href="https://wales.gov.uk/desh/publications/planning/technicaladvicenotes/tan2/tan2e.pdf?lang=en">https://wales.gov.uk/desh/publications/planning/technicaladvicenotes/tan2/tan2e.pdf?lang=en</a>
Public note View the technical advice note free of charge at http://wales.gov.uk
942 ## - ADDED ENTRY ELEMENTS (KOHA)
Suppress in OPAC 0
Holdings
Withdrawn status Lost status Source of classification or shelving scheme Damaged status Not for loan Home library Current library Shelving location Date acquired Total Checkouts Full call number Barcode Date last seen Copy number Price effective from Koha item type
    Dewey Decimal Classification     Virtual Virtual Online 13/07/2006   ONLINE PUBLICATION 134146-2001 06/08/2019 1 06/08/2019 Book